Shrek + 3D (Registo nº 3588)

Detalhes MARC
000 -Etiqueta do registo
Cabeçalho 01143ngm0a2200289 4500
005 - Identificador da versão
Campo de controlo 20240902164407.0
021 ## - Número do Depósito Legal
Código do país PT
071 0# - Número do editor (registos sonoros e música) 
Número do editor 5564/01
100 ## - Dados gerais de processamento
Dados gerais de processamento 20050630d2001 bc y0pory5003 ba
101 0# - Língua de publicação
Língua do texto, banda sonora, etc. Português
Língua do documento no original Inglês
Língua das legendas Português
102 ## - Pais de publicação ou produção
País de publicação Portugal
115 ## - Campo de dados codificados: Projecções Visuais, Filmes e Vídeos
Dados modificados - geral a063bbz zzzz zzxxc
200 1# - Titulo e menção de responsabilidade
Título próprio Shrek + 3D
Indicação geral da natureza do documento Registo vídeo
Informação de outro título a história continua
Primeira menção de responsabilidade realiz. Andrew Adamson, Vicky Jenson
210 ## - Publicação, Distribuição, etc. 
Lugar da edição, distribuição, etc. PT
Nome do editor, distribuidor, etc. Universal Pictures Ibéria
Data da publicação, distribuição, etc. 2004
215 ## - Descrição física 
Indicação específica da natureza do documento e extensão da espécie 2 DVD (PAL 2) (133 min.)
Outras indicações físicas col., son.
300 ## - Notas gerais 
Texto da nota Edição especial ; contém 2 discos: inclui o filme original Shrek.
305 ## - Notas relativas à edição e história bibliográfica da publicação 
Texto da nota Data de lançamento: 2001
306 ## - Notas relativas a publicação, distribuição, etc. 
Texto da nota Distribuidor cinema: Universal Pictures Ibéria
327 1# - Nota de conteúdo 
Texto da nota Conteúdo: Legendas: português, inglês e espanhol ; Idiomas: português, inglês e espanhol ; Material de Bónus: jogos ; Opções especiais: entrevistas hilariantes às personagens, comentário do realizador, Shrek 2D e 3D.
333 ## - Nota relativa aos potenciais utilizadores
Texto da nota Classificação: M4
606 ## - Nome comum usado como assunto
Número de registo de entrada de autoridade 0002834
Palavra de ordem Filme
Subdivisão de assunto Animação infantil
610 1# - Termos de indexação não controlados
Subject Term DVD cinema
702 #1 - Nome de autor-pessoa física (responsabilidade secundária)
Número de registo de entrada de autoridade 0002849
Palavra de ordem Adamson
Outra parte do nome não tomada para palavra de ordem Andrew
Código de função Diretor / Director teatral / Realizador
Número de registo de entrada de autoridade 0002850
Palavra de ordem Jenson
Outra parte do nome não tomada para palavra de ordem Vicky
Código de função Diretor / Director teatral / Realizador
942 ## - Elementos de entrada adicionados (Koha)
Tipo de item no Koha Livro
Exemplares
Situação do levantamento Origin of item (home branch) (coded) Biblioteca de empréstimo Código de barras Cota Circulation type (not for loan) Tipo de documento Nota do exemplar Damaged status
  Biblioteca Escolar da Coca Maravilhas Biblioteca Escolar da Coca Maravilhas BECM31d/04 F SHR   DVD Sem mensagem